00658nam a22001817a 45000010008000000030009000080050017000170070008000340080040000420400022000820820023001041000027001272450148001542600080003023000027003827000039004097000028004480011701DO-SdBNP20161031155023.00011701161031b 1981 pr||||| |||| 00| 0 spa d aBPMSUbspacBPMSU axxxxxxxxbxxxxxxxx1 aMuñoz, María Luisa1 aMis primeras canciones :bguía para kindergarten /cMaría Luisa Muñoz, Isis Pérez de Méndez-Peñate ; copista Antonio Salcedo Corpas aPuerto Rico :bDepartamento de intrucción pública.c1981.g4ta ed. 1981 a50 p. :bil., c28 cm.1 aPérez Méndez-Peñate, Isis de1 aSalcedo Corpas, Antonio